|
|
|
|
| LEADER |
00792nas a2200169 i 4500 |
| 001 |
acta86912 |
| 005 |
20250416155511.0 |
| 008 |
250407s2024 hu o 000 eng d |
| 022 |
|
|
|a 2064-7964
|
| 040 |
|
|
|a SZTE Egyetemi Kiadványok Repozitórium
|b hun
|
| 041 |
|
|
|a eng
|
| 245 |
0 |
0 |
|a Analecta technica Szegedinensia 2024, 18. évf. 3.
|h [elektronikus dokumentum]
|
| 260 |
|
|
|a University of Szeged, Faculty of Engineering
|b Szeged
|c 2024
|
| 300 |
|
|
|a 117
|
| 490 |
0 |
|
|a Analecta technica Szegedinensia
|v 18 No. 3
|
| 695 |
|
|
|a Mérnöki tudományok - tanulmányok, Élelmiszeripari technológia - tanulmányok, Kőzettan - tanulmányok, Anyagtudomány - tanulmányok, Áramlástan - tanulmányok, Hőtan - tanulmányok
|
| 856 |
4 |
0 |
|u http://acta.bibl.u-szeged.hu/86912/1/engineering_2024_003.pdf
|z Dokumentum-elérés
|